Reframing Resolution Innovation and Change in the Management of Workplace Conflict /

Reframing Resolution provides an original, accessible and critical point of reference for students, practitioners and scholars interested in the management of workplace conflict. Drawing on contemporary empirical evidence from the UK, USA, Ireland and Australia, the book explores the front-line chal...

Πλήρης περιγραφή

Λεπτομέρειες βιβλιογραφικής εγγραφής
Συγγραφή απο Οργανισμό/Αρχή: SpringerLink (Online service)
Άλλοι συγγραφείς: Saundry, Richard (Επιμελητής έκδοσης), Latreille, Paul (Επιμελητής έκδοσης), Ashman, Ian (Επιμελητής έκδοσης)
Μορφή: Ηλεκτρονική πηγή Ηλ. βιβλίο
Γλώσσα:English
Έκδοση: London : Palgrave Macmillan UK : Imprint: Palgrave Macmillan, 2016.
Θέματα:
Διαθέσιμο Online:Full Text via HEAL-Link
LEADER 02460nam a22004575i 4500
001 978-1-137-51560-5
003 DE-He213
005 20161004093240.0
007 cr nn 008mamaa
008 160527s2016 xxk| s |||| 0|eng d
020 |a 9781137515605  |9 978-1-137-51560-5 
024 7 |a 10.1057/978-1-137-51560-5  |2 doi 
040 |d GrThAP 
050 4 |a HD28-HD70 
072 7 |a KJM  |2 bicssc 
072 7 |a BUS041000  |2 bisacsh 
082 0 4 |a 658  |2 23 
245 1 0 |a Reframing Resolution  |h [electronic resource] :  |b Innovation and Change in the Management of Workplace Conflict /  |c edited by Richard Saundry, Paul Latreille, Ian Ashman. 
264 1 |a London :  |b Palgrave Macmillan UK :  |b Imprint: Palgrave Macmillan,  |c 2016. 
300 |a XX, 381 p. 7 illus.  |b online resource. 
336 |a text  |b txt  |2 rdacontent 
337 |a computer  |b c  |2 rdamedia 
338 |a online resource  |b cr  |2 rdacarrier 
347 |a text file  |b PDF  |2 rda 
520 |a Reframing Resolution provides an original, accessible and critical point of reference for students, practitioners and scholars interested in the management of workplace conflict. Drawing on contemporary empirical evidence from the UK, USA, Ireland and Australia, the book explores the front-line challenges facing organizations and individuals in addressing and responding to conflict. In particular, it examines the extent to which conflict management is treated as a strategic issue and discusses the development of mediation and its impact on employment relations culture, the experiences of participants in mediation and the relationship between ADR and workplace justice. Crucially, the book also assesses key innovations in the management of workplace conflict, and discusses the future potential of more integrated and systemic approaches. . 
650 0 |a Business. 
650 0 |a Management. 
650 0 |a Manpower policy. 
650 1 4 |a Business and Management. 
650 2 4 |a Management. 
650 2 4 |a Science, Humanities and Social Sciences, multidisciplinary. 
650 2 4 |a Human Resource Development. 
700 1 |a Saundry, Richard.  |e editor. 
700 1 |a Latreille, Paul.  |e editor. 
700 1 |a Ashman, Ian.  |e editor. 
710 2 |a SpringerLink (Online service) 
773 0 |t Springer eBooks 
776 0 8 |i Printed edition:  |z 9781137515599 
856 4 0 |u http://dx.doi.org/10.1057/978-1-137-51560-5  |z Full Text via HEAL-Link 
912 |a ZDB-2-BUM 
950 |a Business and Management (Springer-41169)